Violencia y vulnerabilidad

Detalles Bibliográficos
Autor principal: Lloveras, Nora
Otros Autores: Orlandi, Olga
Formato: eBook
Lenguaje:español
Publicado: Cr̤doba: Alveroni Ediciones, 2014
Materias:
Acceso en línea:Acceso restringido

MARC

LEADER 00000nam a22000007a 4500
005 20140915213024.0
007 cr|||| ||||
008 140915s2014 ar |||||s|||| 00||0 spa d
020 |a 978-987-643-106-4 
035 |a 12373 
040 |a vLex 
090 |c 5151  |d 5151 
100 1 |a Lloveras, Nora 
245 1 0 |a Violencia y vulnerabilidad  |h [Recurso electrn̤ico] /  |c Nora Lloveras, Olga Orlandi 
256 |a Servicio en ln̕ea 
260 |a Cr̤doba:  |b Alveroni Ediciones,  |c 2014 
300 |a 1 recurso electrn̤ico 
500 |a Abordaje transversal y multidisciplinario de las intervenciones. 
506 1 |a Disponible solo en los productos indicados  |d vLex Global  |d vLex Global (Academic Edition, excluding Law Schools)  |d vLex Global (U.S. Academic Edition, Law Schools)  |d vLex Global (U.S. Academic Edition, excluding Law Schools)  |d vLex Global (Academic Edition, Law Schools) 
650 0 4 |a Derecho Penal  |z Argentina 
650 0 4 |a Asuntos Sociales  |z Argentina 
650 0 4 |a Ciencias Sociales  |z Argentina 
700 1 |a Orlandi, Olga 
740 0 |a vLex Libros (Servicio en ln̕ea) 
856 4 0 |u http://vlex.com/source/violencia-y-vulnerabilidad-12373  |z Acceso restringido 
942 |c BOOK 
999 0 |a Criminal Law 
999 0 |a Social Affairs  
999 0 |a Social Sciences